Kreis Wesel | Städte und Gemeinden - Statistiken

Allgemein
  • Dieses Quiz wurde 184 mal gespielt
  • Das Durchschnittsergebnis liegt bei 8 aus 13
Antworten auf der Karte
Die Antworten werden auf der Karte rot bzw. grün angezeigt, abhängig davon wie oft sie richtig erraten wurden.
 
Antwortstatistiken
Einwohner Stadt / Gemeinde % Korrekt
61.330 Wesel
85%
105.287 Moers
83%
67.762 Dinslaken
77%
27.248 Hamminkeln
65%
31.150 Rheinberg
65%
21.582 Xanten
63%
38.665 Kamp-Lintfort
60%
12.649 Alpen
55%
36.196 Voerde (Niederrhein)
52%
13.479 Schermbeck
48%
13.787 Hünxe
47%
27.956 Neukirchen-Vluyn
42%
8.747 Sonsbeck
42%
Keine übereinstimmenden Quizze gefunden
Verteilung der Resultate
Anzahl Personen mit jedem Resultat
Perzentil nach korrekt beantworteten Fragen
Ihre Resultats-Entwicklung
Sie haben dieses Quiz noch nicht gespielt